<?xml version="1.0" encoding="UTF-8"?>
<record
    xmlns:xsi="http://www.w3.org/2001/XMLSchema-instance"
    xsi:schemaLocation="http://www.loc.gov/MARC21/slim http://www.loc.gov/standards/marcxml/schema/MARC21slim.xsd"
    xmlns="http://www.loc.gov/MARC21/slim">

  <leader>00990nam a22002537a 4500</leader>
  <controlfield tag="005">20170123162318.0</controlfield>
  <datafield tag="010" ind1=" " ind2=" ">
    <subfield code="a">A-678281</subfield>
  </datafield>
  <datafield tag="020" ind1=" " ind2=" ">
    <subfield code="c">60.00</subfield>
  </datafield>
  <datafield tag="035" ind1=" " ind2=" ">
    <subfield code="a">A-678281</subfield>
  </datafield>
  <datafield tag="037" ind1=" " ind2=" ">
    <subfield code="b">Cen Lib/Ret</subfield>
  </datafield>
  <datafield tag="040" ind1=" " ind2=" ">
    <subfield code="a">DPL</subfield>
    <subfield code="b">UR</subfield>
  </datafield>
  <datafield tag="082" ind1=" " ind2=" ">
    <subfield code="a">847.08</subfield>
    <subfield code="b">&#x635; &#x62F; &#x6CC; </subfield>
  </datafield>
  <datafield tag="100" ind1=" " ind2=" ">
    <subfield code="a"> &#x645;&#x648;&#x62D;&#x645;&#x62F; &#x627;&#x6A9;&#x631;&#x627;&#x645;&#x64F; &#x627;&#x644;&#x62F;&#x651;&#x6CC;&#x646;</subfield>
    <subfield code="9">115596</subfield>
  </datafield>
  <datafield tag="245" ind1=" " ind2=" ">
    <subfield code="a">&#x631;&#x634;&#x6CC;&#x62F; &#x627;&#x62D;&#x645;&#x62F; &#x633;&#x62F;&#x6CC;&#x642;&#x642;&#x6CC; &#x6A9;&#x6D2; &#x627;&#x633;&#x644;&#x648;&#x628; &#x6A9;&#x627; &#x62A;&#x62C;&#x632;&#x6CC;&#x627;&#x62A;&#x6CC; &#x645;&#x637;&#x627;&#x644;&#x639;  /</subfield>
    <subfield code="b"> &#x645;&#x648;&#x62D;&#x645;&#x62F; &#x627;&#x6A9;&#x631;&#x627;&#x645;&#x64F; &#x627;&#x644;&#x62F;&#x651;&#x6CC;&#x646;</subfield>
  </datafield>
  <datafield tag="246" ind1=" " ind2=" ">
    <subfield code="a">Rasheed Ahmad Sidiqi ke asloob ka tajziyati mutaalaa /</subfield>
    <subfield code="b">by Mohammad Akramulddin </subfield>
  </datafield>
  <datafield tag="260" ind1=" " ind2=" ">
    <subfield code="a">&#x646;&#x6CC;&#x6CC; &#x62F;&#x6C1;&#x644;&#x6CC; </subfield>
    <subfield code="b">&#x62A;&#x62E;&#x644;&#x6CC;&#x642; &#x6A9;&#x627;&#x631; &#x67E;&#x628;&#x644;&#x634;&#x631;&#x633; </subfield>
    <subfield code="c">1994</subfield>
  </datafield>
  <datafield tag="270" ind1=" " ind2=" ">
    <subfield code="b">&#x646;&#x6CC;&#x6CC; &#x62F;&#x6C1;&#x644;&#x6CC; </subfield>
    <subfield code="a">&#x6F1;&#x6F7;&#x6F7;&#x6F9;&#x60C; &#x6A9;&#x648;&#x686;&#x647;&#x627; &#x62F;&#x627;&#x6A9;&#x647;&#x646;&#x6CC; &#x631;&#x622;&#x6CC;&#x6D2; &#x62F;&#x627;&#x631;&#x6CC;&#x627;&#x6AF;&#x627;&#x646;&#x62C; </subfield>
    <subfield code="e">110002</subfield>
  </datafield>
  <datafield tag="300" ind1=" " ind2=" ">
    <subfield code="a">176p.</subfield>
    <subfield code="c">21cm(Hb)</subfield>
  </datafield>
  <datafield tag="650" ind1=" " ind2=" ">
    <subfield code="a">&#x627;&#x631;&#x62F;&#x648; &#x627;&#x62F;&#x628; </subfield>
    <subfield code="9">115597</subfield>
  </datafield>
  <datafield tag="650" ind1=" " ind2=" ">
    <subfield code="a">&#x627;&#x631;&#x62F;&#x648;   &#x633;&#x648;&#x627;&#x646;&#x62D; &#x639;&#x645;&#x631;&#x6CC;   </subfield>
    <subfield code="9">115598</subfield>
  </datafield>
  <datafield tag="650" ind1=" " ind2=" ">
    <subfield code="a">Urdu literature </subfield>
    <subfield code="9">115599</subfield>
  </datafield>
  <datafield tag="650" ind1=" " ind2=" ">
    <subfield code="a">Urdu biography </subfield>
    <subfield code="9">511</subfield>
  </datafield>
  <datafield tag="942" ind1=" " ind2=" ">
    <subfield code="2">ddc</subfield>
    <subfield code="c">UR</subfield>
    <subfield code="h">847.08</subfield>
    <subfield code="m">&#x635; &#x62F; &#x6CC; </subfield>
  </datafield>
  <datafield tag="999" ind1=" " ind2=" ">
    <subfield code="c">106850</subfield>
    <subfield code="d">106850</subfield>
  </datafield>
  <datafield tag="952" ind1=" " ind2=" ">
    <subfield code="0">0</subfield>
    <subfield code="1">0</subfield>
    <subfield code="4">0</subfield>
    <subfield code="7">0</subfield>
    <subfield code="a">L</subfield>
    <subfield code="b">L</subfield>
    <subfield code="d">2015-12-30</subfield>
    <subfield code="e">Cen Lib/Ret</subfield>
    <subfield code="g">60.00</subfield>
    <subfield code="l">0</subfield>
    <subfield code="o">847.08 &#x635; &#x62F; &#x6CC;</subfield>
    <subfield code="p">A-678281</subfield>
    <subfield code="r">2015-12-30 00:00:00</subfield>
    <subfield code="t">1</subfield>
    <subfield code="v">60.00</subfield>
    <subfield code="w">2015-12-30</subfield>
    <subfield code="y">UR</subfield>
  </datafield>
</record>
